Southville International School and Colleges
Your cart is empty.
  • Cart
  • Lists
    Public lists Eva Luna New books Lux_list list_1
    Your lists Log in to create your own lists
  • Log in to your account
  • Your cookies
  • Search history
Southville International School and Colleges
  • Advanced search
  • Recent comments
  • Most popular
  • Libraries

Log in to your account

Log in with GOOGLE


If you do not have an external account, but do have a local account, you can still log in:

  1. Home
  2. MARC view: Reach for tomorrow /
Normal view MARC view ISBD view

Reach for tomorrow / (Record no. 288597)

[ view plain ]
MARC details
000 -LEADER
fixed length control field 01370cam a2200349 a 4500
001 - CONTROL NUMBER
control field 1671358
003 - CONTROL NUMBER IDENTIFIER
control field PILC
005 - DATE AND TIME OF LATEST TRANSACTION
control field 20150903142854.0
008 - FIXED-LENGTH DATA ELEMENTS--GENERAL INFORMATION
fixed length control field 981013s1999 nyu c 000 1 eng
010 ## - LIBRARY OF CONGRESS CONTROL NUMBER
LC control number 98031794
020 ## - INTERNATIONAL STANDARD BOOK NUMBER
International Standard Book Number 0553571095 (pbk. : alk. paper)
040 ## - CATALOGING SOURCE
Original cataloging agency DLC
Transcribing agency DLC
Modifying agency DLC
042 ## - AUTHENTICATION CODE
Authentication code lcac
050 00 - LIBRARY OF CONGRESS CALL NUMBER
Classification number PZ 7
Item number .M139 1999
082 00 - DEWEY DECIMAL CLASSIFICATION NUMBER
Classification number [Fic]
100 1# - MAIN ENTRY--PERSONAL NAME
Personal name McDaniel, Lurlene.
245 10 - TITLE STATEMENT
Title Reach for tomorrow /
Statement of responsibility, etc Lurlene McDaniel.
260 ## - PUBLICATION, DISTRIBUTION, ETC. (IMPRINT)
Place of publication, distribution, etc New York :
Name of publisher, distributor, etc Bantam Books,
Date of publication, distribution, etc 1999.
300 ## - PHYSICAL DESCRIPTION
Extent 171 pages ;
Dimensions 18 cm.
490 1# - SERIES STATEMENT
Series statement One last wish
520 ## - SUMMARY, ETC.
Summary, etc After her freshman year at college, Katie decides to return to work at Jenny House, a camp for sick children, even though it means she may have to face her former boyfriend, Josh Martel, whose brother's heart had saved her life.
650 #1 - SUBJECT ADDED ENTRY--TOPICAL TERM
Topical term or geographic name as entry element Camps
General subdivision Fiction.
650 #1 - SUBJECT ADDED ENTRY--TOPICAL TERM
Topical term or geographic name as entry element Sick
General subdivision Fiction.
650 #1 - SUBJECT ADDED ENTRY--TOPICAL TERM
Topical term or geographic name as entry element Friendship
General subdivision Fiction.
800 1# - SERIES ADDED ENTRY--PERSONAL NAME
Personal name McDaniel, Lurlene.
Title of a work One last wish.
856 41 - ELECTRONIC LOCATION AND ACCESS
Materials specified Sample text
Uniform Resource Identifier <a href="http://www.loc.gov/catdir/samples/random044/98031794.html">http://www.loc.gov/catdir/samples/random044/98031794.html</a>
856 42 - ELECTRONIC LOCATION AND ACCESS
Materials specified Publisher description
Uniform Resource Identifier <a href="http://www.loc.gov/catdir/description/random0411/98031794.html">http://www.loc.gov/catdir/description/random0411/98031794.html</a>
906 ## - LOCAL DATA ELEMENT F, LDF (RLIN)
a 7
b cbc
c orignew
d 1
e ocip
f 19
g y-gencatlg
942 ## - ADDED ENTRY ELEMENTS (KOHA)
Source of classification or shelving scheme Library of Congress Classification
Koha item type Books
Call number prefix Foreign
Holdings
Withdrawn status Lost status Source of classification or shelving scheme Damaged status Home library Current library Shelving location Date acquired Source of acquisition Sub Shelving location Total Checkouts Full call number Barcode Date last seen Price effective from Koha item type
    Library of Congress Classification   College Library College Library Fiction Section 09/03/2015 Donation     PZ 7 .M139 1999 C19905 05/08/2018 09/03/2015 Books

Reach for tomorrow /

APA

McDaniel L., . (1999). Reach for tomorrow. New York: Bantam Books.

Chicago

McDaniel Lurlene, . 1999. Reach for tomorrow. New York: Bantam Books.

Harvard

McDaniel L., . (1999). Reach for tomorrow. New York: Bantam Books.

MLA

McDaniel Lurlene, . Reach for tomorrow. New York: Bantam Books. 1999.

  • Place hold
  • Print
  • Cite
  • Add to your cart (remove)
  • Save record
    BIBTEX Dublin Core MARCXML MARC (non-Unicode/MARC-8) MARC (Unicode/UTF-8) MARC (Unicode/UTF-8, Standard) MODS (XML) RIS
  • More searches
    Search for this title in:
    Other Libraries (WorldCat) Other Databases (Google Scholar) Online Stores (Bookfinder.com) Open Library (openlibrary.org)

Exporting to Dublin Core...

SOUTHVILLE LIBRARY

Southville International School and Colleges Library

1281 Tropical Ave. Cor. Luxembourg St., BF Homes International, Las Pinas City

Tel. No. 8256374 / 252358 Loc. 117/146

Powered by Koha